Detalles MARC
| 000 -LEADER |
| fixed length control field |
01019nam a2200301 a 4500 |
| 001 - CONTROL NUMBER |
| control field |
000016501 |
| 003 - CONTROL NUMBER IDENTIFIER |
| control field |
DO-SdBNP |
| 005 - DATE AND TIME OF LATEST TRANSACTION |
| control field |
20211022120627.0 |
| 008 - FIXED-LENGTH DATA ELEMENTS--GENERAL INFORMATION |
| fixed length control field |
100305s2004 dr 000 0 spa d |
| 020 ## - INTERNATIONAL STANDARD BOOK NUMBER |
| International Standard Book Number |
9993490628 |
| 040 ## - CATALOGING SOURCE |
| Original cataloging agency |
DO-SdBNP |
| Language of cataloging |
spa |
| Transcribing agency |
BPMSU |
| 082 ## - DEWEY DECIMAL CLASSIFICATION NUMBER |
| Classification number |
923.77295 |
| Item number |
R696h, 2004 |
| Edition number |
22 |
| 100 ## - MAIN ENTRY--PERSONAL NAME |
| Personal name |
Rodríguez Demorizi, Emilio, |
| Dates associated with a name |
1908-1986 |
| 245 10 - TITLE STATEMENT |
| Title |
Hostos en Santo Domingo / |
| Statement of responsibility, etc. |
Emilio Rodríguez Demorizi. |
| 260 ## - PUBLICATION, DISTRIBUTION, ETC. (IMPRINT) |
| Place of publication, distribution, etc. |
Santo Domingo : |
| Name of publisher, distributor, etc. |
Sociedad Dominicana de Bibliófilos, |
| Date of publication, distribution, etc. |
2004. |
| 300 ## - PHYSICAL DESCRIPTION |
| Extent |
2 v. ; |
| Dimensions |
24 cm. |
| 490 0# - SERIES STATEMENT |
| Series statement |
Bibliófilos 2000 |
| 500 ## - GENERAL NOTE |
| General note |
Incluye índice de nombres. |
| 500 ## - GENERAL NOTE |
| General note |
Incluye referencias bibliográficas y notas al pie de las páginas |
| 590 ## - LOCAL NOTE (RLIN) |
| Local note |
Inventariado, 2021/VM |
| 600 14 - SUBJECT ADDED ENTRY--PERSONAL NAME |
| Personal name |
Hostos, Eugenio María de |
| Dates associated with a name |
1839-1903 |
| General subdivision |
Pensamiento político y social |
| 650 #4 - SUBJECT ADDED ENTRY--TOPICAL TERM |
| Topical term or geographic name as entry element |
Ideología |
| 650 #4 - SUBJECT ADDED ENTRY--TOPICAL TERM |
| Topical term or geographic name as entry element |
Ética social |
| 650 #4 - SUBJECT ADDED ENTRY--TOPICAL TERM |
| Topical term or geographic name as entry element |
Educación |
| Geographic subdivision |
República Dominicana |
| 710 2# - ADDED ENTRY--CORPORATE NAME |
| Corporate name or jurisdiction name as entry element |
Sociedad Dominicana de Bibliófilos |
| 910 ## - USER-OPTION DATA (OCLC) |
| User-option data |
VMateo V. |
| 942 ## - ADDED ENTRY ELEMENTS (KOHA) |
| Source of classification or shelving scheme |
Dewey Decimal Classification |
| Koha item type |
Libros |